000 005110000a22001930004500
003 LK-CoMWRAF
005 20230902204433.0
008 230817t2003 ||||| |||| 00| 0 eng d
020 _a8178982498
040 _aLK-CoMWRAF
_dLK-CoMWRAF
_eLK-CoMWRAF
041 _aeng
082 _a823
_bKHA
100 _aKhan, Saniyasnain
245 _aLuqman's advice to his son :
_bQuran stories for little hearts
260 _aNew Delhi :
_bGoodword books,
_c2003
300 _a23p
650 _aChild stories
942 _cBK
999 _c922
_d922